| 000 | 00658nam a22002177a 4500 | ||
|---|---|---|---|
| 005 | 20240724143524.0 | ||
| 008 | 240711b |||||||| |||| 00| 0 eng d | ||
| 020 |
_a9789380036601 _cRs.280.00 |
||
| 040 | _aLoreto College | ||
| 041 | _aEnglish | ||
| 082 |
_a020.1 _bCHA |
||
| 100 | _aChakrabarti, Biplab | ||
| 245 |
_aLibrary and society _bAn introduction _cBiplab Chakrabarti and Nivedita Bhattacharyya Sahu |
||
| 260 |
_aKolkata _bMitram _c2014 |
||
| 300 |
_a344p. _b21cm. |
||
| 504 | _aIncludes bibliographical references and index | ||
| 650 | _aLibrary and society | ||
| 700 |
_4Auth _aBhattacharyya Sahu,Nivedita |
||
| 850 | _aLCLIB | ||
| 942 | _cBK | ||
| 999 |
_c43807 _d94286 |
||